Enabling Environment : A Worm's Eye View of Environmental Finance /

Guardado en:
Bibliografiske detaljer
Hovedforfatter: Srinivasan Sunderasan (autor)
Format: Bog
Sprog:engelsk
Udgivet: Nueva Delhi, India : India Springer, 2013, c2013
Online adgang:Ver documento en línea
Tags: Tilføj Tag
Ingen Tags, Vær først til at tagge denne postø!

MARC

LEADER 00000nam^a22000000a04500
001 000599559
009 20260512124021.882
020 |a 978-81-322-0882-2 
037 |a Acervo ITESO - Biblioteca 
041 |a ING 
082 |a Libro en línea 
100 |a Srinivasan Sunderasan  |e (autor) 
245 |a Enabling Environment :  |b A Worm's Eye View of Environmental Finance / 
264 4 |a Nueva Delhi, India :  |b India Springer,  |c 2013, c2013 
264 2 |a Cham, Suiza :  |b Springer Link [distribución],  |c 2025 
300 |a 1 libro electrónico en línea (XIV, 154 p.) 
300 |a 1 recurso en línea 
336 |a datos para computadora  |b cod  |2 rdacontenido 
337 |a computadora  |b c  |2 rdamedio 
338 |a recurso en línea  |b cr  |2 rdasoporte 
506 0 |a Licencias ilimitadas 
567 |a Catalogación rápida 
649 |a XX 
856 4 0 |u https://link-springer-com.ezproxy.iteso.mx/10.1007/978-81-322-0882-2  |y Ver documento en línea 
910 |a Fondo General 
920 |a Electrónicos - Libros en Línea 
930 |a Plataforma Digital 
905 |a 205 
902 |a https://opac.biblio.iteso.mx/vufind/Record/000599559